header

Up in the garden and Down in the dust (Record no. 263169)

MARC details
000 -LEADER
fixed length control field 00233nam a22000977a 4500
020 ## - INTERNATIONAL STANDARD BOOK NUMBER
ISBN 9781338030051
100 ## - MAIN ENTRY--AUTHOR NAME
Personal name Kate Messener
245 ## - TITLE STATEMENT
Title Up in the garden and Down in the dust
260 ## - PUBLICATION, DISTRIBUTION, ETC. (IMPRINT)
Place of publication New York
Name of publisher Scholastic
Year of publication 2015
942 ## - ADDED ENTRY ELEMENTS (KOHA)
Koha item type Long Loan Books
Holdings
Withdrawn status Lost status Collection code Home library Current library Shelving location Date acquired Accession Number Koha item type
    Fiction Rongo University Library Rongo University Library Children's Area 05/03/2024 CL6452021 Long Loan Books

© 2026 Rongo University
Contact us: librarian | system librarian | Rongo university